01265cam a22003131 4500001001300000003000400013005001700017008004100034010001700075035002000092040001800112041001700130050002400147100001600171245002400187260001100211300002800222500002800250500007100278500012700349500013700476504003100613600003700644700006500681700006000746700005600806700006600862740002300928sa 66001427 DLC20260227112222.0900828s1964 ii b 001 0 prao  asa 66001427  a(OCoLC)22286971 aDLCcWaUdDLC0 apraenghinsan00aBL1316.K85bP7 19640 aKundakunda.10aPravacanasāraḥ. c[1964] a32, 130, 444 p.c25 cm. aAdded t. p. in English. aIncludes commentaries by Amr̥tacandra, Jayaṣena and Hemarāja. aEnglish and Prakrit; commentaries in Sanskirt or Hindi; pref., contents, introd., critical apparatus and index in English. aThe introduction to this work, along with other papers, was submitted by the editor for the D. Litt degree, Bombay University, 1939. aBibliographical footnotes.00aKundakunda.tPravacanasāraḥ.1 aUpādhye, Ā. Ne.q(Ādinātha Neminātha),d1906-1975.0 aAmr̥tacandra,dactive 10th century.tTattvadīpikā.0 aJayasena,dactive 12th century.tTātparyavr̥tti.1 aPāṇḍe, Hemarāja,dactive 1653-1668.tBālabodhinī.0 aPravayaṇasāra.